[Event "Titled Tuesday 2020.08.04 10am"]
[Site "chess.com INT"]
[Date "2020.08.04"]
[Round "1"]
[White "Premnath, R."]
[Black "Noritsyn, Nikolay"]
[Result "0-1"]
[WhiteElo "2263"]
[BlackElo "2512"]
[PlyCount "102"]
[EventDate "2020.08.04"]
[EventType "k.o. (blitz)"]
[EventRounds "3"]
[EventCountry "NET"]
[Source "Mark Crowther"]
[SourceDate "2020.08.10"]

1. d4 d5 2. c4 e6 3. Nf3 c6 4. Nc3 Nf6 5. Bg5 Nbd7 6. e3 Qa5 7. Bxf6 gxf6 8.
Qc2 f5 9. cxd5 cxd5 10. Be2 a6 11. O-O b5 12. Nxd5 exd5 13. Qc6 Rb8 14. Ne5 Qb6
15. Qxd5 Qe6 16. Qxe6+ fxe6 17. Bh5+ Ke7 18. Nc6+ Kd6 19. Nxb8 Nxb8 20. Rfc1
Bd7 21. Bf3 Nc6 22. a4 b4 23. a5 Be7 24. Rc5 Rb8 25. Rac1 Na7 26. Be2 Nb5 27.
f4 Bd8 28. Kf2 Ke7 29. Re5 Bxa5 30. d5 Bc7 31. Bxb5 Bxe5 32. fxe5 Rxb5 33. d6+
Kf7 34. Rc7 Ke8 35. Ra7 Kd8 36. Ra8+ Bc8 37. Ra7 Rxe5 38. Rxh7 Rd5 39. h4 Rxd6
40. Ke1 Rd7 41. Rh8+ Kc7 42. h5 Rg7 43. h6 Rxg2 44. b3 Rh2 45. h7 a5 46. Kf1
Bb7 47. Kg1 Rh3 48. Kf1 a4 49. Kf2 axb3 50. Rg8 Rxh7 51. Rg1 Be4 0-1

[Event "Titled Tuesday 2020.08.04 10am"]
[Site "chess.com INT"]
[Date "2020.08.04"]
[Round "2"]
[White "Noritsyn, Nikolay"]
[Black "Gschnitzer, Adrian"]
[Result "1-0"]
[WhiteElo "2512"]
[BlackElo "2412"]
[PlyCount "79"]
[EventDate "2020.08.04"]
[EventType "k.o. (blitz)"]
[EventRounds "3"]
[EventCountry "NET"]
[Source "Mark Crowther"]
[SourceDate "2020.08.10"]

1. e4 c5 2. Nf3 Nc6 3. d4 cxd4 4. Nxd4 e5 5. Nb5 d6 6. g3 h5 7. Bg2 h4 8. N1c3
a6 9. Na3 b5 10. Nd5 Nge7 11. c3 Nxd5 12. exd5 Ne7 13. Nc2 f5 14. Bg5 hxg3 15.
hxg3 Rxh1+ 16. Bxh1 g6 17. f4 e4 18. Qd2 Qb6 19. Ne3 Bb7 20. O-O-O O-O-O 21. g4
Kb8 22. gxf5 gxf5 23. Bxe7 Bxe7 24. Nxf5 Bf6 25. Bxe4 b4 26. cxb4 Rc8+ 27. Kb1
Ka8 28. a3 Rc4 29. Bd3 Rc7 30. Bf1 Bc8 31. Ne3 Re7 32. Nc4 Qc7 33. Rc1 Re4 34.
Na5 Qb8 35. Qc2 Bf5 36. Bd3 Rxf4 37. Bxf5 Qb5 38. Qc8+ Ka7 39. Rc7+ Kb6 40.
Qb7# 1-0

[Event "Titled Tuesday 2020.08.04 10am"]
[Site "chess.com INT"]
[Date "2020.08.04"]
[Round "3"]
[White "Perera Alfonso, R."]
[Black "Noritsyn, Nikolay"]
[Result "1/2-1/2"]
[WhiteElo "2354"]
[BlackElo "2512"]
[PlyCount "136"]
[EventDate "2020.08.04"]
[EventType "k.o. (blitz)"]
[EventRounds "3"]
[EventCountry "NET"]
[Source "Mark Crowther"]
[SourceDate "2020.08.10"]

1. e4 c5 2. Nf3 d6 3. d4 cxd4 4. Nxd4 Nf6 5. Nc3 a6 6. Be2 e5 7. Nb3 Be7 8. O-O
O-O 9. Be3 Be6 10. Qd3 Nc6 11. a3 Na5 12. Nxa5 Qxa5 13. Bg5 Rfc8 14. Bxf6 Bxf6
15. Qxd6 Rc6 16. Qd2 Rac8 17. Qe3 h6 18. Rfd1 Bd8 19. b4 Qb6 20. Qxb6 Bxb6 21.
Nd5 Bxd5 22. exd5 Rxc2 23. Bg4 Rd8 24. Rac1 Rxf2 25. Kh1 Bd4 26. Rc8 Rxc8 27.
Bxc8 Kf8 28. Bxb7 Ra2 29. Bxa6 Rxa3 30. b5 Ke7 31. Bb7 Rb3 32. Bc6 f5 33. h4
Kd6 34. h5 f4 35. Re1 Be3 36. Kh2 e4 37. Ra1 Bc5 38. Ra6 e3 39. Ba8+ Ke5 40.
Re6+ Kf5 41. Bc6 Rb2 42. Kh3 e2 43. Bd7 Rb1 44. Rxe2+ Kf6 45. Kg4 Rb4 46. Bc6
g5 47. hxg6 Kxg6 48. Re6+ Kf7 49. Be8+ Kf8 50. Bh5 Rxb5 51. d6 Rb4 52. d7 Be7
53. Kf5 Rd4 54. Ra6 Rd5+ 55. Kg6 Rxd7 56. Kh7 Bd8+ 57. Kxh6 Bc7 58. Ra8+ Rd8
59. Rxd8+ Bxd8 60. Kg6 Bc7 61. Bf3 Bb8 62. Kf5 Kg8 63. Ke4 Kh8 64. Kf5 Bc7 65.
Kg4 Bb8 66. Kf5 Kg8 67. Kg6 Kf8 68. Kf5 Kg8 1/2-1/2

[Event "Titled Tuesday 2020.08.04 10am"]
[Site "chess.com INT"]
[Date "2020.08.04"]
[Round "4"]
[White "Le Quang Liem"]
[Black "Noritsyn, Nikolay"]
[Result "1-0"]
[WhiteElo "2709"]
[BlackElo "2512"]
[PlyCount "111"]
[EventDate "2020.08.04"]
[EventType "k.o. (blitz)"]
[EventRounds "3"]
[EventCountry "NET"]
[Source "Mark Crowther"]
[SourceDate "2020.08.10"]

1. d4 e6 2. c4 Bb4+ 3. Bd2 a5 4. g3 d6 5. Bg2 e5 6. e3 Nc6 7. Ne2 h5 8. Nbc3 h4
9. a3 Bxc3 10. Bxc3 Qe7 11. b4 Nf6 12. b5 Nb8 13. Qc2 h3 14. Bf1 Bg4 15. Ng1
Nbd7 16. f3 exd4 17. Bxd4 Be6 18. O-O-O c6 19. Kb2 Rc8 20. Qd2 Ne5 21. c5 Rd8
22. Bc3 Nd5 23. Bxa5 Ra8 24. e4 dxc5 25. exd5 cxd5 26. f4 Nc4+ 27. Bxc4 dxc4
28. Nf3 O-O 29. Rhe1 Qe8 30. a4 b6 31. f5 Rxa5 32. fxe6 Rxa4 33. exf7+ Qxf7 34.
Ne5 Qf6 35. Qd5+ Kh8 36. Rf1 Rb4+ 37. Kc2 Qxf1 38. Rxf1 Rxf1 39. Qd8+ Kh7 40.
Qh4+ Kg8 41. Qxh3 Rf2+ 42. Kc3 Rb3+ 43. Kxc4 Re3 44. Qe6+ Kh7 45. Qh3+ Kg8 46.
Ng4 Re4+ 47. Kd5 Rd4+ 48. Kc6 Rf7 49. Kxb6 c4 50. Ne5 Rd6+ 51. Kc5 Rff6 52.
Qc8+ Kh7 53. Nxc4 Rde6 54. Qd7 Rf5+ 55. Kb4 Ref6 56. b6 1-0

[Event "Titled Tuesday 2020.08.04 10am"]
[Site "chess.com INT"]
[Date "2020.08.04"]
[Round "6"]
[White "Metpally, Jason"]
[Black "Noritsyn, Nikolay"]
[Result "0-1"]
[WhiteElo "2204"]
[BlackElo "2512"]
[PlyCount "136"]
[EventDate "2020.08.04"]
[EventType "k.o. (blitz)"]
[EventRounds "3"]
[EventCountry "NET"]
[Source "Mark Crowther"]
[SourceDate "2020.08.10"]

1. d4 d5 2. c4 e6 3. Nf3 c6 4. g3 f5 5. Bg2 Nf6 6. O-O Bd6 7. b3 O-O 8. Ba3
Bxa3 9. Nxa3 Nbd7 10. Rc1 Qe7 11. Nb1 Ne4 12. Qc2 b6 13. cxd5 cxd5 14. Qb2 Ba6
15. Rfe1 Rfc8 16. e3 g5 17. Qa3 Qxa3 18. Nxa3 g4 19. Nh4 Nc3 20. Rc2 Rc6 21.
Bf1 Bxf1 22. Kxf1 Rac8 23. Rec1 Nb8 24. Ng2 Nxa2 25. Rxc6 Rxc6 26. Ra1 Rc1+ 27.
Rxc1 Nxc1 28. b4 a5 29. bxa5 bxa5 30. Nf4 Kf7 31. Ke1 Nc6 32. Kd2 Na2 33. Kc2
Nab4+ 34. Kb3 Ke7 35. Ka4 Kd7 36. Nb1 Nc2 37. Nd2 Ne1 38. Kb5 Kd6 39. Nb3 Nf3
40. h4 Ng1 41. Nxa5 Nxa5 42. Kxa5 e5 43. Nd3 exd4 44. exd4 Nf3 45. Kb4 Nxd4 46.
Kc3 Ne6 47. Kd2 d4 48. Nb2 Kd5 49. Na4 Nc5 50. Nb6+ Ke4 51. Nc8 Nb3+ 52. Ke1 d3
53. Nd6+ Ke5 54. Nc4+ Kd4 55. Ne3 Kc3 56. Nxf5 Kc2 57. Ne3+ Kc1 58. h5 Nd4 59.
Nc4 Nf3+ 60. Kf1 d2 61. Nxd2 Kxd2 62. Kg2 Kd3 63. Kf1 Ke4 64. Ke2 Nd4+ 65. Kd2
Kf3 66. Ke1 Nf5 67. Kf1 Ng7 68. h6 Nf5 0-1

[Event "Titled Tuesday 2020.08.04 10am"]
[Site "chess.com INT"]
[Date "2020.08.04"]
[Round "7"]
[White "Noritsyn, Nikolay"]
[Black "Vokhidov, Shamsiddin"]
[Result "0-1"]
[WhiteElo "2512"]
[BlackElo "2512"]
[PlyCount "72"]
[EventDate "2020.08.04"]
[EventType "k.o. (blitz)"]
[EventRounds "3"]
[EventCountry "NET"]
[Source "Mark Crowther"]
[SourceDate "2020.08.10"]

1. e4 c5 2. Nf3 Nc6 3. d4 cxd4 4. Nxd4 Nf6 5. Nc3 d6 6. Bg5 e6 7. Qd2 a6 8.
O-O-O Bd7 9. f3 Nxd4 10. Qxd4 h6 11. Be3 Bc6 12. Kb1 d5 13. e5 Nd7 14. f4 Bc5
15. Qd2 Bxe3 16. Qxe3 g5 17. f5 Qb6 18. Qe2 O-O-O 19. fxe6 fxe6 20. h4 Qc7 21.
Re1 d4 22. Nd1 Rhf8 23. hxg5 hxg5 24. Qd2 Nxe5 25. Qxg5 Rf5 26. Qh4 Bd5 27. b3
Kb8 28. Nb2 Rc8 29. Rc1 Qc5 30. Bd3 Rff8 31. Rhe1 Nc6 32. Be4 Qa3 33. Qg3+ Ka7
34. c3 dxc3 35. Rxc3 Nb4 36. Qe3+ Ka8 0-1

[Event "Titled Tuesday 2020.06.30"]
[Site "chess.com INT"]
[Date "2020.06.30"]
[Round "1"]
[White "Melian, Juan Sebastian"]
[Black "Noritsyn, Nikolay"]
[Result "0-1"]
[WhiteElo "1950"]
[BlackElo "2512"]
[PlyCount "80"]
[EventDate "2020.06.30"]
[EventType "swiss (blitz)"]
[EventRounds "10"]
[EventCountry "NET"]
[Source "ChessMix"]
[SourceDate "2020.07.10"]

1. d4 e6 2. Nf3 f5 3. Nc3 Nf6 4. Bg5 Bb4 5. a3 Bxc3+ 6. bxc3 b6 7. e3 Bb7 8. c4
O-O 9. Bd3 Qe8 10. O-O Ne4 11. Bxe4 fxe4 12. Nd2 d6 13. Bh4 Nd7 14. f3 Qh5 15.
Bg3 exf3 16. gxf3 Rf7 17. e4 Raf8 18. Qe2 e5 19. d5 Qh6 20. Rf2 a5 21. Raf1 Ba6
22. Nb3 Qh5 23. Nd2 Rf6 24. Kh1 R8f7 25. Qe3 g5 26. Rg1 h6 27. Rfg2 Kh7 28. Rf2
Nf8 29. Rb1 Ng6 30. Rg1 Bc8 31. Qe1 Bh3 32. Qe3 Rg7 33. Qe1 Rf8 34. Qe2 Rfg8
35. Nf1 Nf4 36. Bxf4 gxf4 37. Rxg7+ Rxg7 38. Nd2 Qh4 39. Qd1 Qxf2 40. Qe1 Qxe1+
0-1

[Event "Titled Tuesday 2020.06.30"]
[Site "chess.com INT"]
[Date "2020.06.30"]
[Round "3"]
[White "Noritsyn, Nikolay"]
[Black "Erigaisi, Arjun"]
[Result "0-1"]
[WhiteElo "2512"]
[BlackElo "2559"]
[PlyCount "104"]
[EventDate "2020.06.30"]
[EventType "swiss (blitz)"]
[EventRounds "10"]
[EventCountry "NET"]
[Source "ChessMix"]
[SourceDate "2020.07.10"]

1. b3 d5 2. Bb2 Bg4 3. f3 Bh5 4. Nc3 e6 5. e4 Nf6 6. Qe2 d4 7. Nd1 Nc6 8. Nf2
a5 9. a3 Bg6 10. f4 Be7 11. Nf3 h6 12. g4 Bc5 13. d3 Qe7 14. Bg2 Nd7 15. e5 h5
16. h3 Nb6 17. Ne4 Nd5 18. Bc1 Bb6 19. O-O hxg4 20. hxg4 O-O-O 21. Ng3 f6 22.
b4 Kb8 23. b5 Na7 24. a4 Nc8 25. Bd2 Bc5 26. f5 Bf7 27. Rae1 Rde8 28. Ne4 Bb6
29. Qf2 Ne3 30. Bxe3 dxe3 31. Qg3 e2+ 32. Rf2 Bxf2+ 33. Kxf2 exf5 34. gxf5 fxe5
35. c4 Bh5 36. Nfg5 Ref8 37. c5 Rxf5+ 38. Kg1 Rhf8 39. b6 cxb6 40. cxb6 Nxb6
41. d4 Nxa4 42. dxe5 Qxe5 43. Qb3 Qd4+ 44. Kh2 Rh8 45. Nh3 Be8 46. Ng3 Rb5 47.
Qf3 Bc6 48. Qxe2 Bxg2 49. Qxg2 Rb2 50. Re2 Rxe2 51. Qxe2 Qh4 52. Qg2 Nc3 0-1

[Event "Titled Tuesday 2020.06.30"]
[Site "chess.com INT"]
[Date "2020.06.30"]
[Round "4"]
[White "Babiy, Olga"]
[Black "Noritsyn, Nikolay"]
[Result "0-1"]
[WhiteElo "2228"]
[BlackElo "2512"]
[PlyCount "130"]
[EventDate "2020.06.30"]
[EventType "swiss (blitz)"]
[EventRounds "10"]
[EventCountry "NET"]
[Source "ChessMix"]
[SourceDate "2020.07.10"]

1. e4 e5 2. Nf3 Nc6 3. Bb5 a6 4. Ba4 g6 5. c3 Bg7 6. d4 exd4 7. cxd4 b5 8. Bb3
d6 9. Nc3 Nf6 10. h3 O-O 11. O-O Bb7 12. Re1 Na5 13. Bc2 b4 14. Nb1 Re8 15.
Nbd2 c5 16. d5 c4 17. Nf1 Rc8 18. Ng3 Nd7 19. Ba4 Re7 20. Bg5 Bxb2 21. Bxe7
Qxe7 22. Rb1 Bc3 23. Re2 Nc5 24. Bc2 Bg7 25. Nd4 b3 26. axb3 Bxd4 27. Qxd4 cxb3
28. Bd3 Qe5 29. Qxe5 dxe5 30. Rd2 Rb8 31. Nf1 Bc8 32. Ne3 Nab7 33. Nc4 a5 34.
Nxe5 a4 35. Nc4 Bd7 36. Na3 Nd6 37. f3 Rc8 38. Kf2 g5 39. Ke3 f6 40. Kd4 Kf8
41. Rdd1 Ke7 42. Rdc1 Ndb7 43. Bb5 Bxb5 44. Nxb5 Kd7 45. Rc4 h5 46. Rbc1 h4 47.
Ra1 Ke7 48. Nc3 b2 49. Ra2 Nb3+ 50. Kd3 N7c5+ 51. Rxc5 Nxc5+ 52. Kc2 Kd6 53.
Rxb2 Ke5 54. Ra2 Kf4 55. Kd2 Nb3+ 56. Kd3 Nc5+ 57. Kd4 Nb3+ 58. Kd3 Nc1+ 59.
Kd2 Nxa2 60. Nxa2 Ke5 61. Kd3 a3 62. Nc3 Rb8 63. Kc2 Rb2+ 64. Kd3 a2 65. Nxa2
Rxa2 0-1

[Event "Titled Tuesday 2020.06.30"]
[Site "chess.com INT"]
[Date "2020.06.30"]
[Round "5"]
[White "Hovhannisyan, Robert"]
[Black "Noritsyn, Nikolay"]
[Result "1-0"]
[WhiteElo "2642"]
[BlackElo "2512"]
[PlyCount "91"]
[EventDate "2020.06.30"]
[EventType "swiss (blitz)"]
[EventRounds "10"]
[EventCountry "NET"]
[Source "ChessMix"]
[SourceDate "2020.07.10"]

1. e4 e5 2. Nf3 d6 3. d4 exd4 4. Qxd4 Nc6 5. Bb5 Nge7 6. Qe3 a6 7. Bc4 Be6 8.
Bxe6 fxe6 9. Nc3 Ng6 10. Nd4 Qd7 11. Nxc6 Qxc6 12. Qh3 d5 13. exd5 exd5 14. Bd2
Bc5 15. O-O-O O-O 16. f4 d4 17. Ne2 Rae8 18. Rhe1 Ne7 19. Qb3+ Kh8 20. g4 Nd5
21. f5 b5 22. Nf4 Nxf4 23. Bxf4 a5 24. Qg3 Qd5 25. Kb1 Bb4 26. Re5 Rxe5 27.
Bxe5 Bc5 28. Re1 Kg8 29. Bxc7 a4 30. Qe5 Qc6 31. Qe6+ Qxe6 32. Rxe6 g6 33. Re5
Ba7 34. Rxb5 gxf5 35. Rxf5 Re8 36. Bg3 Re2 37. a3 d3 38. cxd3 Bd4 39. Rb5 Rd2
40. Rb8+ Kf7 41. Rb4 Bf6 42. Bf4 Rf2 43. Bc1 Rf1 44. Rxa4 Bg5 45. Rc4 Kf6 46.
a4 1-0

[Event "Titled Tuesday 2020.06.16"]
[Site "chess.com INT"]
[Date "2020.06.16"]
[Round "1"]
[White "Noritsyn, Nikolay"]
[Black "Terletsky, Oleg"]
[Result "1-0"]
[WhiteElo "2512"]
[BlackElo "2307"]
[PlyCount "47"]
[EventDate "2020.06.16"]
[EventType "swiss"]
[EventRounds "10"]
[EventCountry "NET"]
[Source "ChessMix"]
[SourceDate "2020.07.01"]

1. e4 e5 2. Nf3 Nc6 3. d4 exd4 4. Nxd4 Nf6 5. Nxc6 bxc6 6. Qe2 Bc5 7. e5 Nd5 8.
c4 Nb6 9. Qg4 O-O 10. Bh6 g6 11. Bxf8 Qxf8 12. Be2 Qe7 13. O-O Qxe5 14. Nc3 d5
15. Qf3 Bf5 16. Rfe1 Re8 17. g4 Bd6 18. gxf5 Qxh2+ 19. Kf1 Re5 20. Bd3 Nxc4 21.
Bxc4 Rxf5 22. Qg2 Qh4 23. Bd3 Bc5 24. Bxf5 1-0

[Event "Titled Tuesday 2020.06.16"]
[Site "chess.com INT"]
[Date "2020.06.16"]
[Round "2"]
[White "Gonzalez, Francisco Silva"]
[Black "Noritsyn, Nikolay"]
[Result "0-1"]
[WhiteElo "2049"]
[BlackElo "2512"]
[PlyCount "44"]
[EventDate "2020.06.16"]
[EventType "swiss"]
[EventRounds "10"]
[EventCountry "NET"]
[Source "ChessMix"]
[SourceDate "2020.07.01"]

1. d4 e6 2. c4 Bb4+ 3. Nc3 f5 4. Qc2 Nf6 5. e3 O-O 6. Bd3 c5 7. Nge2 b6 8. f3
Bb7 9. Bd2 Nc6 10. a3 Ba5 11. O-O Rc8 12. h3 Qe7 13. Rae1 g6 14. Qa4 Qg7 15.
Kh1 Nh5 16. g4 fxg4 17. hxg4 cxd4 18. gxh5 dxc3 19. Nxc3 Ne5 20. Be2 Nxf3 21.
Bxf3 Bxf3+ 22. Kg1 gxh5+ 0-1

[Event "Titled Tuesday 2020.06.16"]
[Site "chess.com INT"]
[Date "2020.06.16"]
[Round "3"]
[White "Narayanan, SL."]
[Black "Noritsyn, Nikolay"]
[Result "1-0"]
[WhiteElo "2618"]
[BlackElo "2512"]
[PlyCount "119"]
[EventDate "2020.06.16"]
[EventType "swiss"]
[EventRounds "10"]
[EventCountry "NET"]
[Source "ChessMix"]
[SourceDate "2020.07.01"]

1. e4 e5 2. Nf3 d6 3. Nc3 Nf6 4. d4 exd4 5. Nxd4 Be7 6. Bf4 O-O 7. Be2 Nc6 8.
Qd2 Nxd4 9. Qxd4 Be6 10. O-O-O Re8 11. f3 Nd7 12. g4 Bf6 13. Qd2 Be5 14. Be3 a6
15. g5 b5 16. f4 Bxc3 17. Qxc3 Rb8 18. a3 a5 19. Qxa5 Bc4 20. Bf3 b4 21. axb4
Ra8 22. Qf5 Ra2 23. Bd4 Nf8 24. Bc3 Qb8 25. e5 d5 26. b3 Qa7 27. Bd4 Qa3+ 28.
Kd2 Bxb3 29. Rc1 Ne6 30. Ba1 Qxb4+ 31. Bc3 Qa4 32. Qd3 Nxf4 33. Qd4 Qxd4+ 34.
Bxd4 Ne6 35. Be3 d4 36. Bf2 c5 37. h4 c4 38. Bg4 d3 39. Kc3 Rxc2+ 40. Rxc2 dxc2
41. Bf5 g6 42. Bxc2 Bxc2 43. Kxc2 Ng7 44. Bg3 Nf5 45. Bf4 Rc8 46. Kc3 h5 47.
gxh6 Kh7 48. h5 Ne7 49. Bg5 Nd5+ 50. Kd4 Nc7 51. hxg6+ fxg6 52. Ke4 c3 53. Rd1
Ne6 54. Rd7+ Kg8 55. h7+ Kh8 56. Bf6+ Ng7 57. Rxg7 Rc4+ 58. Kd5 Rf4 59. Rc7+
Rxf6 60. exf6 1-0

[Event "Titled Tuesday 2020.06.16"]
[Site "chess.com INT"]
[Date "2020.06.16"]
[Round "6"]
[White "Noritsyn, Nikolay"]
[Black "Novikov, Evgenij"]
[Result "1-0"]
[WhiteElo "2512"]
[BlackElo "2276"]
[PlyCount "73"]
[EventDate "2020.06.16"]
[EventType "swiss"]
[EventRounds "10"]
[EventCountry "NET"]
[Source "ChessMix"]
[SourceDate "2020.07.01"]

1. e4 c6 2. Nf3 d5 3. exd5 cxd5 4. d4 Nc6 5. Ne5 a6 6. c4 Nf6 7. Nc3 e6 8. Bg5
Be7 9. Nxc6 bxc6 10. c5 h6 11. Bf4 Ne4 12. Bd3 f5 13. f3 Nf6 14. O-O O-O 15.
Qd2 Nh5 16. Be5 Bg5 17. f4 Be7 18. Na4 Ra7 19. Nb6 Nf6 20. b4 Ne4 21. Bxe4 fxe4
22. a4 Bd7 23. Ra3 Kh7 24. Rg3 Rg8 25. Qe2 Qe8 26. Rh3 Bc8 27. Kh1 Qf7 28. g4
Bf6 29. g5 Bxe5 30. fxe5 Qg6 31. gxh6 gxh6 32. Nxc8 Rag7 33. Rg3 Qxg3 34. hxg3
Rxg3 35. Qh2 e3 36. Rf7+ Kh8 37. Qxh6# 1-0

[Event "Titled Tuesday 2020.06.16"]
[Site "chess.com INT"]
[Date "2020.06.16"]
[Round "7"]
[White "Paravyan, David"]
[Black "Noritsyn, Nikolay"]
[Result "1-0"]
[WhiteElo "2653"]
[BlackElo "2512"]
[PlyCount "127"]
[EventDate "2020.06.16"]
[EventType "swiss"]
[EventRounds "10"]
[EventCountry "NET"]
[Source "ChessMix"]
[SourceDate "2020.07.01"]

1. e4 e5 2. Nf3 d6 3. d3 Nf6 4. g3 Be7 5. Bg2 O-O 6. O-O c5 7. Nbd2 Nc6 8. Re1
Re8 9. a4 Bf8 10. Nc4 h6 11. c3 Be6 12. Qc2 Rc8 13. b3 g6 14. Bd2 Bg7 15. h3
Kh7 16. Rad1 Qc7 17. Ne3 Qd7 18. g4 d5 19. g5 d4 20. gxf6 dxe3 21. fxg7 exd2
22. Rxd2 Bxh3 23. Re3 Be6 24. Qb2 Bg4 25. Nh2 Kxg7 26. Rg3 Be6 27. Nf3 Rcd8 28.
b4 cxb4 29. cxb4 Qd6 30. d4 Nxd4 31. Nxd4 exd4 32. Rgd3 Qe5 33. Rxd4 Rxd4 34.
Qxd4 Qxd4 35. Rxd4 g5 36. a5 Rc8 37. e5 Rc7 38. f4 gxf4 39. Rxf4 b6 40. axb6
axb6 41. Bf1 Rc1 42. Kf2 Rc2+ 43. Ke3 Rb2 44. Bd3 h5 45. Rh4 Kh6 46. Be2 Rb3+
47. Kd2 Rb2+ 48. Ke3 Kg6 49. Rh1 Rxb4 50. Bxh5+ Kf5 51. Rf1+ Kxe5 52. Bxf7 Bf5
53. Kd2 Rb2+ 54. Kc3 Rc2+ 55. Kb4 Re2 56. Rd1 Re4+ 57. Kb5 Rd4 58. Re1+ Be4 59.
Kxb6 Rb4+ 60. Kc5 Rd4 61. Bg6 Ra4 62. Be8 Rd4 63. Bc6 Ra4 64. Bxa4 1-0

[Event "Titled Tuesday 2020.05.26"]
[Site "chess.com INT"]
[Date "2020.05.26"]
[Round "2"]
[White "Prieb, Robert"]
[Black "Noritsyn, Nikolay"]
[Result "1/2-1/2"]
[WhiteElo "1918"]
[BlackElo "2512"]
[PlyCount "107"]
[EventDate "2020.05.26"]
[EventType "swiss (blitz)"]
[EventRounds "10"]
[EventCountry "NET"]
[Source "Mark Crowther"]
[SourceDate "2020.06.01"]

1. d4 e6 2. c4 Bb4+ 3. Nc3 f5 4. e3 Nf6 5. Nge2 O-O 6. a3 Bxc3+ 7. Nxc3 d6 8.
Be2 Qe7 9. O-O e5 10. b4 Nc6 11. Nd5 Nxd5 12. cxd5 Nd8 13. Bb2 Nf7 14. Rc1 f4
15. Qc2 Qg5 16. exf4 exf4 17. Bd3 Bh3 18. Bxh7+ Kh8 19. f3 Bxg2 20. Qxg2 Qxg2+
21. Kxg2 Kxh7 22. Rxc7 b5 23. Re1 Nh6 24. Bc1 Rac8 25. Rxc8 Rxc8 26. Bxf4 Rc2+
27. Kh3 Nf5 28. Re8 Kg6 29. Re6+ Kf7 30. Bxd6 Rd2 31. Kg4 Nxd4 32. Re7+ Kf6 33.
Rxa7 Nf5 34. Bc5 Rxd5 35. Ra5 Nh6+ 36. Kf4 Rd3 37. Rxb5 Rxa3 38. Rb6+ Kf7 39.
Rb7+ Kg8 40. b5 Rb3 41. b6 Nf7 42. Rb8+ Kh7 43. b7 Rb5 44. Ke4 Rxc5 45. Rh8+
Nxh8 46. b8=Q Rc6 47. Qg3 Rf6 48. Qh4+ Kg8 49. f4 Nf7 50. Qg3 Nd6+ 51. Kd5 Nf7
52. Ke4 Nd6+ 53. Kd5 Nf7 54. Ke4 1/2-1/2

[Event "Titled Tuesday 2020.05.26"]
[Site "chess.com INT"]
[Date "2020.05.26"]
[Round "5"]
[White "Vyatkin, D."]
[Black "Noritsyn, Nikolay"]
[Result "0-1"]
[WhiteElo "2362"]
[BlackElo "2512"]
[PlyCount "118"]
[EventDate "2020.05.26"]
[EventType "swiss (blitz)"]
[EventRounds "10"]
[EventCountry "NET"]
[Source "Mark Crowther"]
[SourceDate "2020.06.01"]

1. d4 e6 2. c4 Bb4+ 3. Bd2 a5 4. Nf3 d6 5. g3 Nc6 6. Bg2 e5 7. d5 Nce7 8. O-O
Nf6 9. a3 Bc5 10. Nc3 O-O 11. Na4 e4 12. Ne1 Ba7 13. Nc2 Nf5 14. Nc3 Re8 15. e3
h5 16. Nb5 Bb6 17. b4 axb4 18. axb4 Rxa1 19. Qxa1 h4 20. Nbd4 h3 21. Bh1 Nxd4
22. Nxd4 Bg4 23. Bc3 Nh7 24. Nb3 c6 25. dxc6 bxc6 26. Bxg7 Be2 27. Rc1 Qg5 28.
Bd4 c5 29. bxc5 dxc5 30. Bc3 Qf5 31. Nd2 Ng5 32. Qa6 Bc7 33. Qc6 Re7 34. Qf6
Qxf6 35. Bxf6 Rd7 36. Nxe4 Nf3+ 37. Bxf3 Bxf3 38. Ng5 Bg2 39. f3 Ba5 40. Bc3
Bxc3 41. Rxc3 Rd1+ 42. Kf2 Rf1+ 43. Ke2 Rh1 44. e4 Rxh2 45. Ke3 Rh1 46. Rc2
Re1+ 47. Kf4 h2 48. Rxg2 h1=Q 49. Rd2 Rf1 50. Rd8+ Kg7 51. Rd7 Kg6 52. e5 Rf2
53. Rd6+ Kg7 54. Rf6 Qc1+ 55. Kg4 Qxc4+ 56. f4 Rd2 57. Nxf7 Qxf7 58. Rxf7+ Kxf7
59. Kf5 c4 0-1

[Event "PRO League Group Stage"]
[Site "chess.com INT"]
[Date "2020.01.20"]
[Round "3"]
[White "Diamant, Andre"]
[Black "Noritsyn, Nikolay"]
[Result "1/2-1/2"]
[WhiteElo "2547"]
[BlackElo "2518"]
[PlyCount "208"]
[EventDate "2020.01.06"]
[EventType "team (rapid)"]
[EventRounds "7"]
[EventCountry "USA"]
[Source "Mark Crowther"]
[SourceDate "2020.01.27"]
[WhiteTeam "Brazil Capybaras"]
[BlackTeam "Canada Chessbrahs"]

1. e4 c5 2. Nf3 e6 3. d4 cxd4 4. Nxd4 a6 5. Bd3 Ne7 6. O-O Nbc6 7. c3 g6 8. Be3
Bg7 9. Nd2 O-O 10. f4 d6 11. Kh1 Re8 12. N2f3 b5 13. f5 Nxd4 14. Bxd4 exf5 15.
Bxg7 Kxg7 16. Nd4 fxe4 17. Bxe4 d5 18. Qf3 f5 19. Bc2 Qd6 20. Rae1 Bd7 21. g4
Rf8 22. g5 Rfe8 23. Bb3 Rad8 24. h4 Nc6 25. h5 Nxd4 26. cxd4 Re4 27. Rxe4 dxe4
28. Qc3 Rc8 29. Qh3 f4 30. Qh4 f3 31. Qxe4 gxh5 32. Rxf3 Rf8 33. Rxf8 Kxf8 34.
Qf3+ Ke7 35. Qe4+ Kd8 36. Qa8+ Bc8 37. Qe4 Bg4 38. Kg2 Bd7 39. Qa8+ Bc8 40. Qe4
Bd7 41. Qe5 Kc7 42. Kg3 Be8 43. Kh4 Qxe5 44. dxe5 Bg6 45. Bd5 a5 46. Bf3 Kd7
47. Bd5 b4 48. a3 Ke7 49. axb4 axb4 50. Kg3 Bf5 51. Kh4 Bg6 52. Kg3 Bf5 53. Kf4
Bg6 54. Bc4 Kd7 55. Bg8 Ke7 56. Kg3 Kd7 57. Kh4 Ke7 58. Bc4 Kd7 59. Kg3 Ke7 60.
Kf4 Kd7 61. Bf1 Ke7 62. Bh3 Bf7 63. Bf5 Bg6 64. Bc8 Bf7 65. Bf5 Bg6 66. Bh3 Bf7
67. Ke4 Bg6+ 68. Kd5 Bd3 69. Kc5 b3 70. Kd4 Be2 71. Ke3 Bg4 72. Bg2 Bf5 73. Kf4
Bg6 74. Bd5 Bf7 75. Be4 Bg6 76. Bg2 Ke6 77. Bf3 Bf7 78. Bh1 Bg6 79. Bc6 Bf7 80.
Bf3 Bg6 81. Bd1 Bc2 82. Bxh5 Kd5 83. Bf7+ Kc6 84. Bg8 Kc5 85. Ke3 Kc6 86. Kd4
Kd7 87. Kd5 Ke7 88. e6 Bf5 89. Ke5 Bg6 90. Kd4 Kf8 91. Bf7 Bxf7 92. exf7 Kxf7
93. Kc4 Kg6 94. Kxb3 Kxg5 95. Kc2 h5 96. b4 h4 97. b5 h3 98. b6 h2 99. b7 h1=Q
100. b8=Q Qe4+ 101. Kc3 Qf3+ 102. Kb2 Qf2+ 103. Ka1 Qf4 104. Qxf4+ Kxf4 1/2-1/2

[Event "PRO League Group Stage"]
[Site "chess.com INT"]
[Date "2020.01.20"]
[Round "3"]
[White "Disconzi da Silva, Rodrigo"]
[Black "Noritsyn, Nikolay"]
[Result "0-1"]
[WhiteElo "2333"]
[BlackElo "2518"]
[PlyCount "122"]
[EventDate "2020.01.06"]
[EventType "team (rapid)"]
[EventRounds "7"]
[EventCountry "USA"]
[Source "Mark Crowther"]
[SourceDate "2020.01.27"]
[WhiteTeam "Brazil Capybaras"]
[BlackTeam "Canada Chessbrahs"]

1. d4 e6 2. Nf3 f5 3. g3 Nf6 4. Bg2 d5 5. O-O Bd6 6. c4 O-O 7. Qc2 c6 8. Nc3
Qe8 9. a3 Nbd7 10. Bf4 Bxf4 11. gxf4 Ne4 12. e3 Rf6 13. Nxe4 fxe4 14. Ne5 Rh6
15. f3 Qh5 16. h3 Nxe5 17. fxe5 Qg6 18. Kh2 exf3 19. Qxg6 Rxg6 20. Rxf3 dxc4
21. Raf1 Bd7 22. Rf7 Rd8 23. Re7 b5 24. Rf4 h5 25. Be4 Rg5 26. Bf3 a5 27. h4
Rf5 28. Rxf5 exf5 29. Bxh5 b4 30. axb4 axb4 31. e6 Bc8 32. Rc7 Bxe6 33. Rxc6
Bd5 34. Rc5 Be6 35. Be2 f4 36. Bxc4 Bxc4 37. Rxc4 fxe3 38. Kg3 Re8 39. Rc1 Re4
40. Re1 Kf7 41. Kf3 Rxd4 42. Rxe3 Rxh4 43. Kg3 g5 44. Re5 Kf6 45. Rb5 Rd4 46.
Kf3 Kg6 47. Kg3 Kh5 48. Kh3 Rd3+ 49. Kg2 Rb3 50. Kg1 Rxb2 51. Rb8 Kh4 52. Kf1
g4 53. Rd8 Kh3 54. Rh8+ Kg3 55. Rd8 Rb3 56. Ke2 Rf3 57. Ra8 b3 58. Rb8 Kg2 59.
Ke1 g3 60. Rb4 Rf1+ 61. Ke2 b2 0-1